000 00514nam a22001457a 4500
003 macl
005 20190816133606.0
008 190816b xxu||||| |||| 00| 0 eng d
040 _c800/SHA
100 _aशरतचंद्र
_976281
245 _aशरतचंद्र के संपूर्ण निंबध (पहला खंड)
260 _aदिल्‍ली
_bभारत पुस्‍त‍क भण्‍डार
_c2017
650 _aरचनावली
_9163
942 _2ddc
_cHIN
999 _c60763
_d60763